000 01484 a2200253 4500
005 2008092300150.0
008 080923t xxu||||| |||| 00| 0 hin d
010 _aHIN-81386
020 _a9788190482370
_c200.00
035 _aHN-53732
035 _aB-317738
037 _bD.B.Act / pub
082 _a363.73874
100 _aपुरी, योगेश्वर
245 _aग्लोबल वार्मिंगःतप रही धरती-बढ़ रहे खतरे
_cयोगेश्वर पुरी
246 _aGlobal Warmin
_bby Yogeshwar Puri
260 _aदिल्ली
_bमैट्रिक्स पब्लिशर्स
_c2007, 2008
270 _aआत्माराम एण्ड संस,1376, ग्राउंड फ्लोर कश्मीरी गेट
_bदिल्ली
_e110006
300 _a176पृ
_c22 सेमी (सजिल्द)
942 _adpl
_cHN
_k363.73874 / पुरीयो
_2ddc
_h363.73874
_mपुरीयो
999 _c8288
_d8288